Представление документа в формате RUSMARC

ПолеНазваниеЗначение
  Тип записи a
  Библиографический уровень m
001 Контрольный номер RU/SLIB/B/208728104
005 Дата корректировки 20201206204015.6
010 Индекс ISBN __
a ISBN 5-270-01285-5
d Цена 69-70
101 Язык документа __
a Язык текста rus
c Язык оригинала rus
200 Заглавие и сведения об ответственности 1_
a Заглавие Из истории московских улиц
e Сведения, относящиеся к заглавию энцикл. путеводитель по улицам Москвы
f Первые сведения об ответственности П. В. Сытин
b Общее обозначение материала Текст
210 Выходные данные __
a Место издания М.
c Издательство Современник
d Дата издания 2000
215 Физическое описание __
a Объем 479 с.
225 Серия __
a Серия Мир познания
330 Аннотация __
a Аннотация Рассказывается об истории и современной жизни московских улиц, кроме того даются описания архитектурных памятников Москвы.
601 Наименование организации как предмет __
a Наименование организации как предмет Кремль
606 Тематические рубрики __
a Основная рубрика История
606 Тематические рубрики __
a Основная рубрика История России в целом
y Географическая подрубрика Россия; Москва; Садовое кольцо; Китай-город; Красная площадь; Бульварное кольцо
606 Тематические рубрики __
a Основная рубрика Изобразительное искусство и архитектура
606 Тематические рубрики __
a Основная рубрика История архитектуры
610 Ключевые слова __
a Ключевые слова города; памятники; улицы; площади; набережные; переулки; бульвары; история городов
686 Индексы других классификаций __
a Классификационный индекс 63.3(2-2Москва)л6
686 Индексы других классификаций __
a Классификационный индекс 85.113(2)л6 ; ст63.3(2-2Москва)л6 + ст85.113(2)л6
700 Автор _1
a Фамилия Сытин
b Имя П. В.
4 Код отношения 070
801 Источник записи _0
a Страна RU
b Организация Муниципальное бюджетное учреждение культуры "Централизованная библиотечная система" г. Сургут (Центральная городская библиотека им. А. С. Пушкина)
g Правила каталогизации КиК/Тесленко
801 Источник записи _1
a Страна RU
b Организация Муниципальное бюджетное учреждение культуры "Централизованная библиотечная система" г. Сургут (Центральная городская библиотека им. А. С. Пушкина)
g Правила каталогизации КиК/Тесленко
852 Данные о местонахождении __
j Шифр хранения 63.3(2-2Москва)л6
c Каталожный индекс 63.3(2-2Москва)л6; 85.113(2)л6
i Авторский знак С 95
901 Тип документа __
t Тип документа m
903 Характеристики (МАРС) __
a Дата передачи 20081222; 20020903
969 Тип издания __
a Тип издания путеводитель
990 Данные о заказе (DOS) __
j Количество экземпляров (DOS) 9
t N записи в КСУ для И/У (DOS) 200209